| 000 | 01674cam a22004578i 4500 | ||
|---|---|---|---|
| 001 | 18638775 | ||
| 003 | DLC | ||
| 005 | 20160916140943.0 | ||
| 008 | 150528s2015 scu j b 000 0 spa c | ||
| 010 | _a 2015018838 | ||
| 020 | _a9781628557206 (spanish pbk.) | ||
| 020 | _z9781628557220 (spanish downloadable ebook) | ||
| 020 | _z9781628557244 (spanish interactive dual-language ebook) | ||
| 020 | _z9781628557183 (english hardcover) | ||
| 020 | _z9781628557190 (english pbk.) | ||
| 020 | _z9781628557213 (english downloadable ebook) | ||
| 020 | _z9781628557237 (english interactive dual-language ebook) | ||
| 040 |
_aNJQ/DLC _beng _cNJQ _erda _dDLC |
||
| 041 | 1 |
_aspa _heng |
|
| 042 | _apcc | ||
| 050 | 0 | 0 |
_aQL737.C22 _bC8713 2015 |
| 082 | 0 | 4 |
_a599.773/139 _223 |
| 100 | 1 |
_aCurtis, Jennifer Keats, _eauthor. |
|
| 240 | 1 | 0 |
_aLucky litter. _lSpanish |
| 245 | 1 | 3 |
_aLa camada con suerte : _bcachorros de lobo rescatados de un incendio forestal / _cpor Jennifer Keats Curtis ; fotografĂa por John Gomes. |
| 260 |
_aMount Pleasant, SC : _bArbordale Publishing, _c[2015] |
||
| 264 | 1 |
_aMount Pleasant, SC : _bArbordale Publishing, _c[2015] |
|
| 300 |
_a1 volume (unpaged) ; _c26 cm |
||
| 336 |
_atext _2rdacontent |
||
| 337 |
_aunmediated _2rdamedia |
||
| 338 |
_avolume _2rdacarrier |
||
| 504 | _aIncludes bibliographical references. | ||
| 521 | 1 | _a4-8. | |
| 650 | 0 |
_aWolves _xInfancy _vJuvenile literature. |
|
| 650 | 0 |
_aZoo animals _xInfancy _vJuvenile literature. |
|
| 650 | 0 |
_aAnimal rescue _vJuvenile literature. |
|
| 650 | 0 |
_aWildfires _vJuvenile literature. |
|
| 700 | 1 |
_aGomes, John _q(John G.), _eillustrator. |
|
| 942 |
_2ddc _cBK |
||
| 999 |
_c16207 _d16207 |
||